| 000 | 01205nam0a22002411 4500 | ||
|---|---|---|---|
| 001 | rc\2908313 | ||
| 005 | 20110804183653.6 | ||
| 035 | _a(NLR Aleph) 007059197 | ||
| 090 |
_a6267972 _c6267972 |
||
| 100 | _a20110804d1938 |||y0rusy50 ca | ||
| 101 | 0 | _arus | |
| 102 | _aRU | ||
| 105 | _aa z ||||| | ||
| 200 | 1 |
_aКонспект по общему курсу отопления и вентиляции, разделу "Начала строительной теплотехники" для студентов Строительного факультета, специальности: "Промышленное и гражданское строительство" _fС.М. Гришечко-Климов _gГУУЗ-НКТП СССР. Всесоюз. заоч. индустриальный ин-т (ВЗИИ) |
|
| 210 |
_aМосква _cБ. и. _d1938 _gстеклография НКПС |
||
| 215 |
_a36 с. _cтабл., черт. _d29 см |
||
| 300 | _aБез тит. л. Описано по обл. | ||
| 700 | 1 |
_aГришечко-Климов _bС. М. _gСергей Михайлович |
|
| 801 | 0 |
_aRU _bNLR _gpsbo |
|
| 801 | 1 |
_aRU _bELAR _2rusmarc |
|
| 852 |
_aNLR _j38-13/479 |
||
| 942 | _cBOOK | ||
| 980 | _aNB | ||